Normal view MARC view
  • Zaidi, Syed Sajid Raza

Entry Personal Name

Number of records used in: 1

001 - CONTROL NUMBER

  • control field: 127655

003 - CONTROL NUMBER IDENTIFIER

  • control field: NUST

005 - DATE AND TIME OF LATEST TRANSACTION

  • control field: 20250120140302.0

008 - FIXED-LENGTH DATA ELEMENTS

  • fixed length control field: 250120|| aca||aabn | a|a d

040 ## - CATALOGING SOURCE

  • Original cataloging agency: NUST
  • Transcribing agency: NUST

100 ## - HEADING--PERSONAL NAME

  • Personal name: Zaidi, Syed Sajid Raza

670 ## - SOURCE DATA FOUND

  • Source citation: Work cat.: (NUST): Zaidi, Syed Sajid Raza, Energy Analysis During Milling Operation of Aerospace Alloys/
© 2023 Central Library, National University of Sciences and Technology. All Rights Reserved.